IFC family business governance : Handbook = Cẩm nang IFC về quản trị doanh nghiệp gia đình

Mục đích của cuốn cẩm nang là giúp các nhân viên làm trong lĩnh vực đầu tư và tư vấn tài chính nhận biết và xác định các vấn đề cơ bản về quản trị doanh nghiệp gia đình. Ngoài ra cũng giúp các doanh nghiệp gia đinh fcải thiện chất lượng qua...

詳細記述

保存先:
書誌詳細
フォーマット: 図書
言語:Undetermined
出版事項: Washington DC IFC 2008
主題:
タグ: タグ追加
タグなし, このレコードへの初めてのタグを付けませんか!
Thư viện lưu trữ: Trung tâm Học liệu Trường Đại học Cần Thơ
LEADER 01100nam a2200193Ia 4500
001 CTU_166466
008 210402s9999 xx 000 0 und d
082 |a 658.041 
082 |b I.23 
245 0 |a IFC family business governance : 
245 0 |b Handbook = Cẩm nang IFC về quản trị doanh nghiệp gia đình 
260 |a Washington DC 
260 |b IFC 
260 |c 2008 
520 |a Mục đích của cuốn cẩm nang là giúp các nhân viên làm trong lĩnh vực đầu tư và tư vấn tài chính nhận biết và xác định các vấn đề cơ bản về quản trị doanh nghiệp gia đình. Ngoài ra cũng giúp các doanh nghiệp gia đinh fcải thiện chất lượng quản trị doanh nghiệp gia đình của mình. 
650 |a Home-based businesses,Family-owned business enterprises,Business enterprises,Doanh nghiệp gia đình,Doanh nghiệp kinh doanh 
650 |x Management,Quản lý 
904 |i Trọng Hiếu 
980 |a Trung tâm Học liệu Trường Đại học Cần Thơ